000
00216nam a22001217a 4500
040
_c
SK
082
_a
791
100
_a
NA
245
_a
Forest climatology
260
_a
NA
_b
NA
_c
2011
300
_a
141p.
942
_c
EK
999
_c
9398
_d
9398